Normal view
MARC view
- Josheph F. shelley
Entry Personal Name
001 - CONTROL NUMBER
- control field: 124009
003 - CONTROL NUMBER IDENTIFIER
- control field: NUST
005 - DATE AND TIME OF LATEST TRANSACTION
- control field: 20240702175614.0
008 - FIXED-LENGTH DATA ELEMENTS
- fixed length control field: 240702|| aca||aabn | a|a d
040 ## - CATALOGING SOURCE
- Original cataloging agency: NUST
- Transcribing agency: NUST
100 ## - HEADING--PERSONAL NAME
- Personal name: Josheph F. shelley
670 ## - SOURCE DATA FOUND
- Source citation: Work cat.: (NUST): Josheph F. shelley, 800 Solved Problems in Vector Mechanics for Engineers Volume 1 Statics, 1990.
